000 03008cam a2200181 4500500
005 20260208001059.0
041 _afre
042 _adc
100 1 0 _aBadré, Michel
_eauthor
700 1 0 _aDécamps, Henri
_eauthor
245 0 0 _aMichel Badré : « la forêt au rythme des sciences et de la société »
260 _c2005.
500 _a98
520 _aRésuméL’agriculture biologique est actuellement à un tournant de son développement : sollicitée de plus en plus fréquemment pour entrer dans une filière de type long, elle apparaît comme « sous-équipée », se confrontant ainsi d’autant plus durement à une filière conventionnelle qui, elle, est « suréquipée ». Les auteurs analysent ce déplacement difficile en se référant au débat anglo-saxon sur la « conventionnalisation ». Ensuite, plutôt que de l’analyser en termes de « conversion de système de production », ils proposent la notion de « référentiel » qui envisage et compare l’équipement des deux filières en termes de normes, de connaissances et d’images. Cette grille de lecture permet à la fois de comprendre le caractère non questionné et non questionnable de la filière conventionnelle et de mettre en évidence la fragilité de la filière bio à se maintenir comme alternative durable.
520 _aOutfitting sustainable production linesOrganic agriculture is at a turning point in its development: it is increasingly being pressed to enter extended agrifood chains involving supermarket chains and appears “under-equipped” for this venture as opposed to the “overequipped” conventional agrifood chains. The authors analyze this difficult conversion by referring to the debate on “conventionalisation” of organic production. Rather than analyzing it in terms of “production system conversion”, they propose the notion of “referential”, which considers and compares the equipment resources in both agrifood chains in terms of norms, knowledge and images. These resources are the means by which the agrifood chains create a shared understanding of the expected product by coherently articulating the heterogeneous actors involved from the production through to the consumption end. This analysis leads to understanding the unquestioned and unquestionable character of the conventional agrifood sector. It also highlights the difficulty of building a sustainable reference base that is meant to be distinct from conventional agrifood reference systems, but has no other resources than to follow these already established systems. The fragility of the organic industry in maintaining itself as a sustainable alternative raises the issue of the “equipment” of the conventional agrifood sector for engaging in a sustainable development logic.
786 0 _nNatures Sciences Sociétés | 13 | 4 | 2005-12-01 | p. 428-436 | 1240-1307
856 4 1 _uhttps://stm.cairn.info/revue-natures-sciences-societes-2005-4-page-428?lang=fr&redirect-ssocas=7080
999 _c1644318
_d1644318